000 00630nam a2200205Ia 4500
001 13198
003 GE_BSU
008 181216s||||||||xx |||||||||||||| ||und||
040 _cGE_BSU
080 _a631.8
100 _aПетербургский,А.В.;Постников,А.
245 _aКомплексные минеральные удобрения
245 _cРед.Е.Вишняков
260 _aМосква
260 _bМосковский рабочий
260 _c1966
300 _a128стр.илл.20см.
653 _aКомплексные минеральные удобрения
942 _cBK
999 _c46362
_d46362